00989nam a22002057a 4500999001700000003000900017008004100026040007100067082002100138110003600159245008600195260004500281300002800326505025500354650001800609650001800627942001600645945002100661952010100682  c15645d15645AR-CdUCM190429b           ||||| |||| 00| 0 spa d  aMUNICIPALIDAD PROVINCIAL DEL CUSCOcBIBLIOTECA MUNICIPAL DEL CUSCO  a574.526 / /bG91  aGobierno regional Cusco.922459  aGuía de campo del área prioritaria de conservación regional Choquequirao /   aCusco :bGobierno regional Cusco,c2010.  a392 páginas ;c17 cm.  aContenido :Marco conceptual y legal para el manejo de áreas de conservación regional como áreas complementarias al sistema nacional de ANP en el Perú+u -- Aspectos fisiográficos y paisajisticos -- Comunidades bioticas -- Fito diversidad ...  aFlora.920658  aFauna.925064  2ddccLIBROS  arum1d2019-04-29  002ddc4070aSCbSCcCARTd2019-04-29g40.00o574.526 / / G91pSC0000001297r2019-04-29yLIBROS